000 00676nam a2200241Ia 4500
003 OSt
005 20220925213643.0
006 a|||||r|||| 00| 0
007 ta
008 220923b |||||||| |||| 00| 0 eng d
037 _cGeneral Book
040 _aRTL
_cRTL
_beng
041 _2eng
_aeng
082 _aV591.J, K3
100 _aAllen W E D
_9114631
245 0 _aProblems of Turkish power in the sixteenth century
260 _aLondon
_bCentral Asian Research Centre
_c1963
300 _a92p
_ccm.
500 _aAppendix: P 65-78
650 _aRussia History
_922158
942 _hV591.J, K3
_cGB
_2CC
999 _c563415
_d563415